Mexico's trade shows & exhibitions 1996.
| Format: | Book |
|---|---|
| Published: |
Guadalajara:
W.T.C,
1996.
|
| Subjects: |
| LEADER | 00429cam a2200157 7i4500 | ||
|---|---|---|---|
| 001 | 0000005488 | ||
| 005 | 19991025090000.0 | ||
| 002 | ##000007122 | ||
| 020 | 0 | 0 | |a T000005585 |
| 090 | 0 | 0 | |a MEXC 381.1 |b MEX |
| 245 | 0 | 0 | |a Mexico's trade shows & exhibitions 1996. |
| 260 | 0 | 0 | |a Guadalajara: |b W.T.C, |c 1996. |
| 300 | 0 | 0 | |a 145 p.. |
| 650 | 0 | 0 | |a Mexico -- |x Exhibitions |
| 651 | 0 | 0 | |a Mexico |
| 999 | |a 0000007496 |b Book |c Open shelf |e Business Information Centre | ||